000 00568nam a2200181 i 4500
001 21203
003 ES-MaACL
005 20230906152434.0
007 t|
008 021122s1972 sp ||||1| spa d
100 1 _aAlbareda, Anselm María.
_919234
245 1 0 _aHistoria de Montserrat /
_cpor Anselm M. Albareda.
250 _a5ª ed. rev. a cura de Josep Massot i Muntaner.
260 _aBarcelona :
_bAbadía de Montserrat,
_c1972.
300 _a320 p., 39 lám. ;
_c22 cm.
700 1 _aMassot i Muntaner, Josep.
_978860
852 _aES-MaACL
_jC-44218
_bR.81664
999 _c21203
_d21203